| 000 | 00646nam a2200205 i 4500 | ||
|---|---|---|---|
| 001 | 25651 | ||
| 003 | ES-MaACL | ||
| 005 | 20230906153316.0 | ||
| 007 | t| | ||
| 008 | 021227s1983 mx ||||1| spa d | ||
| 020 | _a968-16-1313-9 | ||
| 100 | 1 |
_aArcher, Christon I. _922480 |
|
| 245 | 1 | 3 |
_aEl ejército en el México borbónico 1760-1810 / _cChriston I. Archer ; traducción de Carlos Valdés. |
| 250 | _a1ª ed. en español. | ||
| 260 |
_aMéxico : _bFondo de Cultura Económica, _c1983. |
||
| 300 |
_a413 p. ; _c23 cm. |
||
| 504 | _aBibliografía. Indices. | ||
| 700 | 1 |
_aValdés, Carlos. _9112502 |
|
| 852 |
_aES-MaACL _jL-10182 _bR.111897 |
||
| 999 |
_c25651 _d25651 |
||